ბათუმის შოთა რუსთაველის სახელმწიფო უნივერსიტეტის ბიბლიოთეკა

საქართველოს დამფუძნებელი კრება : (ბიბ.ჩანაწერი № 63694)

000 -ლიდერი
ფიქსირებული სიგრძის საკონტროლო ველი 02466nam a22002657a 4500
003 - საკონტროლო ნომრის იდენტიფიკატორი
საკონტროლო ველი Ge_BSU
005 - ბოლო ოპერაციის თარიღი და დრო
საკონტროლო ველი 20251210164604.0
008 - ფიქსირებული სიგრძის მონაცემთა ელემენტები - ზოგადი ინფორმაცია
ფიქსირებული სიგრძის საკონტროლო ველი 251210s2020 ge ||||| |||| 00| 0 geo d
020 ## - წიგნის საერთაშორისო სტანდარტული ნომერი
International Standard Book Number 9789941973604
041 ## - ენის კოდი
Language code of text/sound track or separate title geo
080 ## - უნივერსალური ათობითი კლასიფიკაციის ინდექსი
Universal Decimal Classification number 94(479.22): 328(479.22) ს-32
245 ## - ცნობა სათაურის შესახებ
Title საქართველოს დამფუძნებელი კრება :
Remainder of title სხდომათა დოკუმენტები და დამატებები. ტ. 8, 1921 წლის 1 იანვარი - 17 მარტი /
Statement of responsibility, etc საქართველოს პარლამენტის ეროვნული ბიბლიოთეკა; იდეის ავტორი და შემდგენელი ირაკლი იაკობაშვილი; ტომის სამეცნიერო რედაქტორი მალხაზ მაცაბერიძე.
264 ## - წარმოების, გამოცემის, დისტრიბუციის და სხვა ცნობები
გამოცემის, წარმოების, დისტრიბუციის... ადგილი თბილისი :
გამოცემის, წარმოების, დისტრიბუციის... სახელწოდება საქ. პარლამენტის ეროვნული ბიბკა,
გამოცემის, წარმოების, დისტრიბუციის... თარიღი 2020.
300 ## - ფიზიკური აღწერა
Extent 628 გვ. ;
Other physical details 25 სმ.
490 ## - სერიის ცნობა
Series statement საქართველოს დემოკრატიული რესპუბლიკის დოკუმენტები
500 ## - ზოგადი შენიშვნა
General note ძღვნება საქართველოს დემოკრატიული რესპუბლიკის დამფუძნებელი კრების 100 წლისთავს.
501 ## - შენიშვნა თანმხლებ მასალაზე
With note პირთა საძიებელი: გვ. 617-623.
ადგილთა საძიებელი: გვ. 624-628.
653 ## - INDEX TERM--UNCONTROLLED
Uncontrolled term საქართველოს დამფუძნებელი კრება.
653 ## - INDEX TERM--UNCONTROLLED
Uncontrolled term საქართველოს დემოკრატიული რესპუბლიკა.
700 ## - ADDED ENTRY--PERSONAL NAME
Personal name იაკობაშვილი, ირაკლი
Relator term იდეის ავტორი, შემდგენელი
9 (RLIN) 26438
700 ## - ADDED ENTRY--PERSONAL NAME
Personal name მაცაბერიძე, მალხაზ
Relator term სამეცნიერო რედაქტორი.
9 (RLIN) 26439
710 ## - ADDED ENTRY--CORPORATE NAME
Corporate name or jurisdiction name as entry element საქართველოს პარლამენტის ეროვნული ბიბლიოთეკა.
9 (RLIN) 26440
856 ## - ELECTRONIC LOCATION AND ACCESS
Uniform Resource Identifier https://dspace.nplg.gov.ge/bitstream/1234/327803/1/Saqartvelos_Damfudznebeli_Kreba_Sxdomis_Oqmebi_Tomi_VIII.pdf
Link text ელ. ვერსია
942 ## - ADDED ENTRY ELEMENTS (KOHA)
Source of classification or shelving scheme
Koha item type წიგნი
ეგზემპლარები
ჩამოწერის სტატუსი დაკარგული ეგზემპლარის სტატუსი კლასიფიკაციის წყარო ან თაროზე გაწყობის სქემა დაზიანების სტატუსი არ გაიცემა მუდმივი მდებარეობა (დაცვის ადგილი) ამჟამინდელი ადგილსამყოფელი თაროზე განთავსების ადგილი შეძენის თარიღი ღირებულება, შესყიდვის ნორმალური ფასი სრული შენახვის შიფრი შტრიხკოდი ბოლო ოპერაციის თარიღი ეგზემპლარის მიმდევრობითი ნომერი (კეტერი?) Uniform Resource Identifier ფასის ძალაში შესვლის თარიღი ეგზემპლარის სახეობა საჯარო შენიშვნა
          ბათუმის შოთა რუსთაველის სახელმწიფო უნივერსიტეტის მთავარი ბიბლიოთეკა ბათუმის შოთა რუსთაველის სახელმწიფო უნივერსიტეტის მთავარი ბიბლიოთეკა წიგნსაცავი 2025-12-10 15.00 94(479.22): 328(479.22) ს-32 73247 2025-12-10 73247 საჩუქარი საქართველოს ეროვნული ბიბლიოთეკისაგან 2025-12-10 წიგნი 15 ლ.